| 000 | 01144nam a2200217Ia 4500 | ||
|---|---|---|---|
| 003 | OSt | ||
| 005 | 20210802103815.0 | ||
| 008 | 210310s1981 ck fr 000 0 spa d | ||
| 040 |
_aCO-JMCR _cCO-JMCR |
||
| 041 | 0 | _aspa | |
| 082 | 0 | 4 |
_a337 / _bL791e _223 |
| 100 | 1 |
_aLleras Restrepo, Carlos, _916653 _eautor |
|
| 245 | 1 | 0 |
_aEconomía internacional y régimen cambiario / _cCarlos Lleras Restrepo |
| 260 |
_aBogotá : _b[s.n.], _c1981 (Osprey Impresores) |
||
| 300 |
_a298 páginas ; _c23 cm. |
||
| 505 | 0 | _aLa economía de guerra -- El Fondo Monetario Internacional -- La misión de las Naciones Unidas en el campo económico -- La carta de comercio y empleo -- La conferencia de Comercio y Desarrollo de las Naciones Unidas -- La política cambiaria -- El Banco Interamericano de Desarrollo -- El nuevo orden económico -- Las inversiones extranjeras en países desarrollados y en países en vía de desarrollo -- Informe sobre el desarrollo económico mundial -- El drama de las monedas | |
| 650 | 1 | 4 |
_aEconomía internacional _916655 |
| 650 | 2 | 4 |
_aPolítica económica _938950 |
| 650 | 2 | 4 |
_aFinanzas internacionales _95881 |
| 942 |
_2ddc _cBK |
||
| 999 |
_c8216 _d8216 |
||